| 000 | 00659nam a22001937a 4500 | ||
|---|---|---|---|
| 005 | 20251108164921.0 | ||
| 008 | 250721s2002 xx 000 0 ara d | ||
| 082 | 1 | 4 | _a417.9566/راب |
| 100 | 1 |
_aرابين، تشيم _eمؤلف |
|
| 245 | 1 | 0 | _aاللهجات العربية القديمة في غرب الجزيرة العربية / |
| 264 | 1 |
_aبيروت : _bالمؤسسة العربية للدراسات و النشر، _c2002. |
|
| 300 | _a438ص. | ||
| 650 | 1 | 7 | _aاللغة العربية |
| 650 | 1 | 7 | _aاللهجات |
| 650 | 1 | 7 | _aالسعودية |
| 700 | 1 |
_aمجاهد، عبد الكريم _eترجمة |
|
| 942 |
_2ddc _cBK |
||
| 999 |
_c17399 _d17399 |
||